000 00942nam a2200229 a 4500
003 CBULib
005 20231116135514.0
008 121221s2011 ||||||||||||||||| || u
040 _aCBULib
_bEnglish
_cCBULib
_erda
041 _aeng
050 _aUNCTAD(02)2011/11
110 _aUnited Nations Conference on Trade and Development (UNCTAD)
245 1 0 _aAd hoc expert meeting on climate change impacts and adaptation: a challenge for global ports Geneva, Palais des Nations, 29-30 September 2011, main outcomes and summary of discussions
_c/ by United Nations Conference on Trade and Development (UNCTAD)
260 _aGeneva :
_bUnited NAtions,
_c2011.
300 _aii, 19 pages : illustrations
336 _2rdacontent
_aText |
_btxt
337 _2rdamedia
_aUnmediated |
_bn
338 _2rdacarrier
_aVolume
_bnc
650 _aCLIMATE CHANGE--COMESA
942 _2mc
_c029
999 _c33446
_d33446